Snuff by Slipknot Lyrics Quiz - Statistics

General Stats
  • This quiz has been taken 294 times
    287 since last reset
  • The average score is 33 of 39
Answer Stats
Answer % Correct
So if you {love} me, let me go
97%
Bury all your {secrets} in my skin
95%
And run away before I {know}
94%
I think I made it very {clear}
94%
My heart is just too {dark} to care
94%
I don't {deserve} to have you
93%
I never claimed to be a {saint}
92%
I only wish you weren't my {friend}
92%
I still press your {letters} to my lips
92%
You couldn't hate {enough} to love
92%
And leave me with my {sins}
91%
When you refused to {fight}
90%
Come away with {innocence}
89%
for what resembles {rage} again
89%
The air around me still feels like a {cage}
89%
Then I could {hurt} you in the end
89%
You never needed any {help}
89%
I can't {destroy} what isn't there
88%
I couldn't face a {life} without your lights
88%
Is that {supposed} to be enough?
88%
Deliver me into my {fate}
87%
If I'm alone I cannot {hate}
87%
But all of that was {ripped} apart
86%
So save your {breath}, I will not hear
86%
You ran away - you're all the {same}
85%
And love is just a {camouflage}
84%
And spit your pity in my {soul}
82%
If you still {care}, don't ever let me know
82%
{Angels} lie to keep control
80%
That {savor} every kiss
79%
You {sold} me out to save yourself
79%
And {cherish} them in parts of me
78%
And I won't listen to your {shame}
76%
If I can {change} I hope I never know
76%
Ooh, my own was {banished} long ago
76%
It took the death of {hope} to let you go
71%
So {break} yourself against my stones
71%
My {smile} was taken long ago
66%
Ooh, my love was {punished} long ago
52%
No matching quizzes found
Score Distribution
Percent of People with Each Score
Percentile by Number Answered
Your Score History
You have not taken this quiz since the last reset